000 00569nam a2200181 i 4500
001 58427
003 ES-MaACL
005 20230906163815.0
007 t|
008 031022s1968 sp ||||1| spa d
100 0 _aDuras, Marguerite,
_d1914-1996
_946279
245 1 4 _aLas diez y media de una noche de verano /
_cMarguerite Duras ; [traducción de Caridad Martínez].
260 _aBarcelona :
_bSeix Barral,
_c1968.
300 _a169 p. ;
_c18 cm.
700 1 _aMartínez, Caridad.
_977723
852 _aES-MaACL
_jC-34837
_bR.66331
999 _c58427
_d58427